LEADER 01179cam0-2200361---450 001 990005545830403321 005 20240216115514.0 035 $a000554583 035 $aFED01000554583 035 $a(Aleph)000554583FED01 035 $a000554583 100 $a19990604e19661929km-y0itay50------ba 101 0 $aita 102 $aIT 105 $ay---n---001yy 200 1 $aCodice diplomatico longobardo$fa cura di Luigi Schiaparelli 210 $aTorino$cBottega d'Erasmo$d1966-1968 215 $a2 v.$d25 cm 225 1 $aFonti per la storia d'Italia$v62$fpubblicate dall'Istituto storico italiano per l'età moderna e contemporanea 300 $aRipr. anast. dell'ed.: Roma : Tipografia del Senato, 1929-1933 610 0 $aLongobardi$aStoria$aFonti 676 $a945.015 702 1$aSchiaparelli,$bLuigi$f<1871-1934> 801 0$aIT$bUNINA$gRICA$2UNIMARC 901 $aBK 912 $a990005545830403321 952 $a945 ISIME 01 (062) bis$bST.ARTE 12214$fFLFBC 952 $a945 ISIME 01 (063) bis$bST.ARTE 12214$fFLFBC 952 $aV Z 26$b19997$fFGBC 959 $aFGBC 959 $aFLFBC 996 $aCodice diplomatico longobardo$9485551 997 $aUNINA LEADER 01608nas 2200457 c 450 001 9910566441103321 005 20251012104237.0 011 $a1605-8496 035 $a(DE-599)ZDB2787128-9 035 $a(OCoLC)1368783007 035 $a(DE-101)1059075970 035 $a(CKB)4590000000000241 035 $a(EXLCZ)994590000000000241 100 $a20141006b20072019 |y | 101 0 $ager 135 $aur||||||||||| 181 $ctxt$2rdacontent 182 $cc$2rdamedia 183 $acr$2rdacarrier 200 00$aBehinderte Menschen$eZeitschrift fu?r gemeinsames Leben, Lernen und Arbeiten$fHrsg.: Verein "Initiativ fu?r Behinderte Kinder und Jugendliche" 210 31$aGraz$cSteirische Vereinigung fu?r Menschen mit Behinderung (STVMB)$d[2007-2019] 210 21$aGraz$cVerein "Initiativ fu?r behinderte Kinder und Jugendliche" 215 $aOnline-Ressource 300 $aGesehen am 01.09.2021 311 08$a1561-2791 517 3 $aZeitschrift fu?r gemeinsames Leben, Lernen und Arbeiten 606 $aBehinderter Mensch$3(DE-588)4005279-5$3https://d-nb.info/gnd/4005279-5$3(DE-101)040052796$9rswk-swf$2gnd 606 $aIntegration$3(DE-588)4027238-2$3https://d-nb.info/gnd/4027238-2$3(DE-101)040272389$9rswk-swf$2gnd 608 $aZeitschrift$2gnd-content 608 $aZeitschrift$9rswk-swf$2gnd 615 7$aBehinderter Mensch. 615 7$aIntegration. 676 $a070 676 $a360 801 0$b0355 801 1$bDE-101 801 2$b9999 906 $aJOURNAL 912 $a9910566441103321 996 $aBehinderte Menschen$94440665 997 $aUNINA